ARRUPE JESUIT UNIVERSITY

CORONAVIRUS -STOP THE SPREAD - CLEAN,DISINFECT,COVER

Wake me when I'm gone / (Record no. 129142)

MARC details
000 -LEADER
fixed length control field 00869cam a2200277 i 4500
001 - CONTROL NUMBER
control field 20084980
003 - CONTROL NUMBER IDENTIFIER
control field ARRUPE
005 - DATE AND TIME OF LATEST TRANSACTION
control field 20190306102932.0
008 - FIXED-LENGTH DATA ELEMENTS--GENERAL INFORMATION
fixed length control field 171019s2017 enk 000 1 eng
010 ## - LIBRARY OF CONGRESS CONTROL NUMBER
LC control number 2015463833
020 ## - INTERNATIONAL STANDARD BOOK NUMBER
International Standard Book Number 9781782118428
020 ## - INTERNATIONAL STANDARD BOOK NUMBER
International Standard Book Number 178211842X
040 ## - CATALOGING SOURCE
Original cataloging agency DLC
Language of cataloging eng
Description conventions rda
Transcribing agency DLC
042 ## - AUTHENTICATION CODE
Authentication code pcc
050 00 - LIBRARY OF CONGRESS CALL NUMBER
Classification number PR9387.9.A8
Item number O3 2017
300 ## - PHYSICAL DESCRIPTION
Dimensions 23 cm
100 1# - MAIN ENTRY--PERSONAL NAME
Personal name Atogun, Odafe,
Relator term author.
9 (RLIN) 45022
245 10 - TITLE STATEMENT
Title Wake me when I'm gone /
Statement of responsibility, etc Odafe Atogun.
260 ## - PUBLICATION, DISTRIBUTION, ETC. (IMPRINT)
Place of publication, distribution, etc Edinburgh
Name of publisher, distributor, etc Canongate Books
Date of publication, distribution, etc 2017
300 ## - PHYSICAL DESCRIPTION
Extent 199 p. ;
650 #0 - SUBJECT ADDED ENTRY--TOPICAL TERM
Topical term or geographic name as entry element Widows
Geographic subdivision Nigeria
Form subdivision Fiction.
9 (RLIN) 45023
651 #0 - SUBJECT ADDED ENTRY--GEOGRAPHIC NAME
Geographic name Nigeria
Form subdivision Fiction.
9 (RLIN) 45024
906 ## - LOCAL DATA ELEMENT F, LDF (RLIN)
a 7
b cbc
c origres
d 3
e ncip
f 20
g y-gencatlg
942 ## - ADDED ENTRY ELEMENTS (KOHA)
Source of classification or shelving scheme Library of Congress Classification
Koha item type Monograph ( Printed materials)
Holdings
Withdrawn status Lost status Source of classification or shelving scheme Damaged status Not for loan Collection code Home library Current library Shelving location Date acquired Total Checkouts Full call number Barcode Date last seen Price effective from Koha item type
    Library of Congress Classification     Main Collection ARRUPE LIBRARY ARRUPE LIBRARY Main Collection 06/03/2019   PR9387.9.A8 O3 2017 46600004096 06/03/2019 06/03/2019 Monograph ( Printed materials)

 

Arrupe Library. PO Box MP320 Mt Pleasant, Harare, Zimbabwe
263 242 745411|librarian@aju.ac.zw